000 00635cam a22002051 4500
001 ne 63002306
003 DLC
005 20260227111752.0
008 900706s1963 ua c 000 0 ararc
010 _ane 63002306
035 _a(OCoLC)21967874
040 _aPrinceton Univ. Libr.
_cWaU
_dDLC
042 _apremarc
050 0 0 _aDT107.2.F3
_bA3 1963
100 1 _aFahmī, ʻAbd al-ʻAzīz,
_d1870-1951.
245 1 0 _aHādhihi ḥayātī,
_cli-ʻAbd al-ʻẠzīz Fahmī. Taqdīm Ṭāhir al-Ṭanāḥī.
260 _a[al-Qāhirah]
_bDār al-Hilāl
_c[1963]
300 _a208 p.
_bports.
_c17 cm.
490 0 _aKitāb al-Hilāl,
_v145
999 _c46408
_d46408